| 000 | 00799nam a22002417a 4500 | ||
|---|---|---|---|
| 999 |
_c6974 _d6974 |
||
| 003 | AR-CdUCM | ||
| 008 | 190319b ||||| |||| 00| 0 eng d | ||
| 020 | _a0-07-093176-3 | ||
| 040 |
_aMUNICIPALIDAD PROVINCIAL DEL CUSCO _cBIBLIOTECA MUNICIPAL DEL CUSCO |
||
| 082 |
_a621.81 / _bB77 |
||
| 100 |
_aBoundy, Albert William _919665 |
||
| 245 | _aEngineering drawing / | ||
| 260 |
_aAustralia : _bMcGraw-Hill, _c1973. |
||
| 300 |
_a221 páginas ; _bfiguras, _c28 cm. |
||
| 500 | _aTexto en ingles. | ||
| 505 | _aContenido: Introductory and standards information -- Geometrical constructions -- Orthographic projection ... | ||
| 650 |
_aTipos de lineas _919666 |
||
| 650 |
_aConstrucción _94996 |
||
| 650 |
_aDimensiones _94154 |
||
| 650 |
_aDibujos _92628 |
||
| 942 |
_2ddc _cLIBROS |
||
| 945 | _aachl | ||